000
00202 a2200097 4500
001
25241
100
_a
Fisher, R
245
_a
Statistical Tables
260
_a
_b
Oliver & Boyd
_c
090
_c
17011
_d
17011
942
_a
NUST-CAE
_c
M
_c
7794
999
_c
260314
_d
260314